Statistics for British General Knowledge #3

Click here to take the quiz!

General Stats

  • This quiz has been taken 613 times
    (574 since last reset)
  • The average score is 9 of 20

Answer Stats

QuestionAnswer% Correct
What is the British name for the game Clue?Cluedo
85%
Who was the longest-serving British monarch?Queen Victoria
85%
Which team has won the Premier League the most times?Manchester United
81%
Where would you find the Crown Jewels, Beefeaters and Traitor's Gate?Tower of London
77%
Which playwright wrote 'Romeo and Juliet' and 'Hamlet'?William Shakespeare
77%
Which British scientist formulated the laws of motion?Isaac Newton
70%
When did Margaret Thatcher come into power?1979
69%
Between which country does England play against to win the Ashes?Australia
66%
Which sport was created in St. Andrews?Golf
62%
Which major landmark did Sir Christopher Wren design in 1710?St. Paul's Cathedral
55%
What group were Frazer, Dappy and Tulisa a part of?N-Dubz
46%
In what language is the British Monarch motto?French
45%
In which city is the largest cathedral in the UK?Liverpool
26%
Which British Olympian has won the most medals?Chris Hoy
24%
Who was the first non-British national Bank of England Governor?Mark Carney
17%
Which British Olympian has won the most medals?Bradley Wiggins
16%
Which British group released the album 'Babel'?Mumford and Sons
13%
Who features on the £20 note?Adam Smith
9%
Who was shot by police that resulted in riots across England in 2011?Mark Duggan
9%
Name the longest tunnel in the world.Thirlmere Aqueduct
1%

Score Distribution

Percentile by Number Answered

Percent of People with Each Score

Your Score History

You have not taken this quiz since the last reset